Подход к проектированию хранилища данных для анализа информации о состоянии нефтедобывающих скважин при планировании геолого - технических мероприятий; Технологии Microsoft в теории и практике программирования

Bibliographic Details
Parent link:Технологии Microsoft в теории и практике программирования.— 2012.— [С. 245-247]
Main Author: Савельев А. О. Алексей Олегович
Corporate Author: Национальный исследовательский Томский политехнический университет (ТПУ) Институт кибернетики (ИК) Кафедра оптимизации систем управления (ОСУ)
Summary:Заглавие с титульного листа.
Рассматривается вопрос о формировании хранилища данных о состоянии нефтедобывающих скважин и истории системных воздействий, с целью повышения эффективности анализа информации при планировании проведения геолого - технических мероприятий (ГТМ). Описывается подход к формализации представления ГТМ.
Language:Russian
Published: 2012
Series:Технологии разработки и проектирования информационных систем
Subjects:
Online Access:http://www.lib.tpu.ru/fulltext/c/2012/C28/088.pdf
Format: MixedMaterials Electronic Book Chapter
KOHA link:https://koha.lib.tpu.ru/cgi-bin/koha/opac-detail.pl?biblionumber=611419

MARC

LEADER 00000naa2a2200000 4500
001 611419
005 20240221132839.0
035 |a (RuTPU)RU\TPU\conf\9171 
035 |a RU\TPU\conf\9170 
090 |a 611419 
100 |a 20150311d2012 k y0rusy50 ca 
101 0 |a rus 
102 |a RU 
105 |a y z 100zy 
135 |a drgn ---uucaa 
181 0 |a i  
182 0 |a b 
200 1 |a Подход к проектированию хранилища данных для анализа информации о состоянии нефтедобывающих скважин при планировании геолого - технических мероприятий  |f А. О. Савельев 
203 |a Текст  |c электронный 
215 |a 1 файл (387 Кб) 
225 1 |a Технологии разработки и проектирования информационных систем 
300 |a Заглавие с титульного листа. 
320 |a [Библиогр.: с. 246-247 (3 назв.)] 
330 |a Рассматривается вопрос о формировании хранилища данных о состоянии нефтедобывающих скважин и истории системных воздействий, с целью повышения эффективности анализа информации при планировании проведения геолого - технических мероприятий (ГТМ). Описывается подход к формализации представления ГТМ. 
337 |a Adobe Reader 
463 1 |0 (RuTPU)RU\TPU\conf\61  |t Технологии Microsoft в теории и практике программирования  |o сборник трудов IX Всероссийской научно-практической конференции студентов, аспирантов и молодых ученых, 21-22 марта 2012 г., г.Томск  |f Национальный исследовательский Томский политехнический университет (ТПУ), Институт кибернетики ; отв. ред. А. Р. Вахитов  |v [С. 245-247]  |d 2012 
610 1 |a электронный ресурс 
610 1 |a труды учёных ТПУ 
610 1 |a проектирование 
610 1 |a хранилища 
610 1 |a данные 
610 1 |a анализ 
610 1 |a информация 
610 1 |a нефтедобывающие скважины 
610 1 |a планирование 
610 1 |a геолого-технические мероприятия 
700 1 |a Савельев  |b А. О.  |c специалист в области информатики и вычислительной техники  |c доцент Томского политехнического университета, кандидат технических наук  |f 1987-  |g Алексей Олегович  |y Томск  |3 (RuTPU)RU\TPU\pers\30546  |9 14842 
712 0 2 |a Национальный исследовательский Томский политехнический университет (ТПУ)  |b Институт кибернетики (ИК)  |b Кафедра оптимизации систем управления (ОСУ)  |3 (RuTPU)RU\TPU\col\18702 
801 2 |a RU  |b 63413507  |c 20150311  |g RCR 
856 4 |u http://www.lib.tpu.ru/fulltext/c/2012/C28/088.pdf 
942 |c BK